Les pays non-européens les plus démocratiques - Statistiques

Statistiques générales
  • Ce quiz a été pris 79 fois
  • Le résultat moyen est 12 sur 20
Statistiques - réponses
Score Pays % Correct
8,69 Canada
100%
8,66 Australie
97%
7,85 États-Unis
96%
8,40 Japon
93%
9,61 Nouvelle-Zélande
89%
8,09 Corée du Sud
85%
7,05 Afrique du Sud
77%
7,98 Chili
67%
7,18 Inde
67%
8,92 Taïwan
60%
7,80 Israël
55%
8,66 Uruguay
55%
8,29 Costa Rica
47%
7,29 Malaisie
44%
7,06 Jamaïque
32%
7,65 Cap-Vert
23%
7,06 Timor oriental
21%
8,14 Maurice
19%
7,73 Botswana
15%
7,16 Trinité-et-Tobago
13%
Aucun quiz correspondant
Distribution des résultats
% des personnes avec chaque résultat
Percentile par nombre de réponses
Votre historique - résultats
Vous n’avez pas pris ce quiz